Four-letter Cities on a Map. USA Edition. - Statistics

General Stats
  • This quiz has been taken 52 times
  • The average score is 9 of 20
Answers on the Map
Answers color-coded by a green-red scale on the quiz's map according to % correct below.
 
Answer Stats
Answer % Correct
Reno
89%
Gary
80%
Mesa
80%
Yuma
74%
Bend
59%
Hilo
59%
Cary
57%
Ames
52%
Waco
52%
Orem
41%
York
41%
Enid
39%
Napa
30%
Erie
26%
Troy
24%
Lehi
22%
Lynn
20%
Lodi
17%
Novi
15%
Kyle
9%
No matching quizzes found
Score Distribution
Percent of People with Each Score
Percentile by Number Answered
Your Score History
You have not taken this quiz